| 000 | 00372nam a22001577a 4500 | ||
|---|---|---|---|
| 005 | 20160905175449.0 | ||
| 008 | 160905b xxu||||| |||| 00| 0 eng d | ||
| 020 | _a978-93-272-6915-1 | ||
| 041 | _aeng | ||
| 100 |
_aREDDY,T YELLAMANDA _93527 |
||
| 245 | _aPRINCIPLES OF AGRONOMY | ||
| 260 |
_bKALYANI _c2016 |
||
| 300 | _a648 | ||
| 650 |
_aAGRICULTURE _92837 |
||
| 942 | _cBK | ||
| 999 |
_c5227 _d5225 |
||